College Quizbowl Stats
College Quizbowl Stats
Circuits
Seasons
Sets
Records
Detailed Stats
About
Loading...
2024 Penn Bowl Berkeley
Tossups
Bonuses
Players
Teams
Categories (Tossup)
Categories (Bonus)
Denis Liu
Stanford A
Categories
Category
Powers
Gets
Negs
BBs
Points
Earliest Buzz
Avg. Buzz
First Buzzes
Top 3 Buzzes
Fine Arts - Visual Fine Arts
1
1
0
0
25
30
58.00
2
2
Current Events
1
0
0
0
15
42
42.00
1
1
Fine Arts - Auditory Fine Arts
0
1
2
0
0
122
122.00
1
1
Buzzes
Category
Answer
Value
Buzz Position
Fine Arts - Visual Fine Arts
ceiling paintings
15
30
Current Events
Nvidia Corporation
15
42
Fine Arts - Auditory Fine Arts
Georg Philipp Telemann
-5
63
Fine Arts - Visual Fine Arts
Andrea Mantegna
10
86
Fine Arts - Auditory Fine Arts
Gustav Mahler’s Symphony No. 2
-5
94
Fine Arts - Auditory Fine Arts
Prelude to the Afternoon of a Faun
10
122
Previous
1
Next